000 00753nam a22002057a 4500
999 _c19147
_d19147
003 AR-CdUCM
008 190312b ||||| |||| 00| 0 spa d
040 _aMUNICIPALIDAD PROVINCIAL DEL CUSCO
_cBIBLIOTECA MUNICIPAL DEL CUSCO
082 _a901.1 /
_bW36
100 _aWeber, Alfred
_916807
245 _aHistoria de la cultura /
260 _aMexico :
_bFondo de cultura económica,
_c1941.
300 _a358 páginas
_c25 cm.
440 _nSección de obras de sociología
_936986
505 _aContenido: La prehistoria y los primitivos -- Las altas culturas primarias -- Las culturas secundarias de primer grado...
650 _aCulturas mediterráneas antiguas
_940323
650 _aCultura China
_91592
942 _2ddc
_cLIBROS
945 _arcc